000 00440nam a2200181Ia 4500
005 20250423100359.0
008 250422s9999 xx 000 0 und d
020 _a0-201-63336-1
050 _aQA 76.64 .H37/
100 _aPaul Harmon
245 0 _aObjects in Action
260 _aMassachusets
260 _bAddison - Wesley Longman Inc
260 _c1993
300 _a232 p
650 _aObject Oriented Programming
942 _cBK
999 _c33132
_d33132